000 00347nam a2200133Ia 4500
008 230411s9999 xx 000 0 und d
041 _aeng
082 _aCH/610.7343/BAS/B04262
100 _aBasavanthappa BT
245 _aCommunity Health Nursing
260 _bJaypee Brothers
_aNew Delhi
_c2007
300 _a1088p
999 _c154962
_d154962